|
|
|
|
| LEADER |
00632nab a2200169 i 4500 |
| 001 |
misc755 |
| 005 |
20191106144032.0 |
| 008 |
170607s1903 hu o 0|| hun d |
| 040 |
|
|
|a SZTE Miscellanea Repozitórium
|b hun
|
| 041 |
|
|
|a hun
|
| 100 |
1 |
|
|a Takáts Sándor
|
| 245 |
1 |
2 |
|a A rézpénz mint országos csapás 1703-ban
|h [elektronikus dokumentum] /
|c Takáts Sándor
|
| 260 |
|
|
|c 1903
|
| 300 |
|
|
|a 66-70
|
| 490 |
0 |
|
|a Magyar gazdaságtörténelmi szemle
|v 10
|
| 695 |
|
|
|a Közgazdaságtudomány, Magyarország történelme, Gazdaságtörténet
|
| 856 |
4 |
0 |
|u http://misc.bibl.u-szeged.hu/755/1/gazd_tort_szeml_1903_066-070.pdf
|z Dokumentum-elérés
|